200 losowych Flag świata - Statystyki

Ogólne statystyki
  • Ten quiz został rozwiązany 63 razy
  • Średni wynik to 78 z 200
Statystyki odpowiedzi
Obrazkowy Hint Odpowiedź % Poprawnych
Watykan
71%
Estonia
70%
Korea Północna
69%
Ukraina
69%
Portugalia
67%
Australia
66%
Bangladesz
65%
Japonia
65%
Maroko
65%
Meksyk
65%
Norwegia
65%
Walia
65%
Brazylia
64%
Kolumbia
64%
Korea Południowa
64%
Finlandia
63%
Sri Lanka
63%
Białoruś
62%
Katar
62%
Nowa Zelandia
62%
Polska
62%
Chiny
61%
Etiopia
61%
Holandia
61%
Kanada
61%
Kazachstan
61%
Serbia
61%
Szwecja
61%
Turcja
61%
Grecja
60%
Irlandia
60%
Macedonia Północna
60%
Republika Południowej Afryki
60%
Węgry
60%
Albania
59%
Austria
59%
Chorwacja
59%
Dania
59%
Francja
59%
Jamajka
59%
Kosowo
59%
Malezja
59%
Malta
59%
Mołdawia
59%
Monako
59%
Nepal
59%
Tunezja
59%
Włochy
59%
Arabia Saudyjska
58%
Hiszpania
58%
Słowenia
58%
Wielka Brytania
58%
Andora
57%
Czarnogóra
57%
Argentyna
56%
Bułgaria
56%
Czechy
56%
Iran
56%
Szkocja
56%
Gruzja
55%
Liechtenstein
55%
Luksemburg
55%
Niemcy
55%
Rosja
55%
Stany Zjednoczone
55%
Słowacja
54%
Szwajcaria
54%
Anglia
53%
Egipt
53%
Indie
53%
Malediwy
53%
Belgia
52%
Indonezja
52%
Irak
52%
Islandia
52%
Łotwa
52%
Ghana
51%
Litwa
51%
Singapur
51%
Algieria
50%
Cypr
50%
Ekwador
50%
Kambodża
50%
Kiribati
50%
Kuba
50%
Senegal
50%
Wenezuela
50%
Izrael
49%
Liban
49%
Nigeria
49%
Wietnam
49%
Bahrajn
48%
Demokratyczna Republika Konga
48%
Kenia
48%
Rumunia
48%
San Marino
48%
Seszele
48%
Armenia
47%
Grenlandia
47%
Madagaskar
47%
Pakistan
47%
Somalia
47%
Trynidad i Tobago
47%
Uganda
47%
Wyspy Owcze
47%
Bhutan
46%
Peru
46%
Urugwaj
46%
Azerbejdżan
45%
Barbados
45%
Dominika
45%
Filipiny
45%
Mozambik
45%
Papua Nowa Gwinea
45%
Sudan
45%
Czad
44%
Guam
44%
Haiti
44%
Jordania
44%
Mongolia
44%
Surinam
44%
Dominikana
43%
Laos
43%
Oman
43%
Zjednoczone Emiraty Arabskie
43%
Jemen
42%
Libia
42%
Niger
42%
Salwador
42%
Syria
42%
Tajwan
42%
Wybrzeże Kości Słoniowej
42%
Angola
41%
Bośnia i Hercegowina
41%
Liberia
41%
Panama
41%
Tonga
41%
Bahamy
40%
Chile
40%
Gabon
40%
Samoa
40%
Grenada
39%
Lesotho
39%
Nikaragua
39%
Palau
39%
Tajlandia
39%
Togo
39%
Turkmenistan
39%
Uzbekistan
39%
Antigua i Barbuda
38%
Kamerun
38%
Namibia
38%
Nauru
38%
Rwanda
38%
Zambia
38%
Tanzania
37%
Wyspy Marshalla
37%
Fidżi
36%
Honduras
36%
Hongkong
36%
Mjanma
36%
Portoryko
36%
Gwinea
35%
Gwinea Równikowa
35%
Irlandia Północna
35%
Republika Środkowoafrykańska
35%
Republika Zielonego Przylądka
35%
Burkina Faso
34%
Burundi
34%
Erytrea
34%
Gwatemala
34%
Kirgistan
34%
Komory
34%
Paragwaj
34%
Wyspy Świętego Tomasza i Książęca
34%
Afganistan
33%
Gibraltar
33%
Mikronezja
33%
Botswana
32%
Brunei
32%
Kostaryka
32%
Tadżykistan
32%
Vanuatu
32%
Belize
31%
Eswatini
31%
Gambia
31%
Sierra Leone
31%
Antarktyka
30%
Mali
30%
Mauretania
30%
Mauritius
30%
Sudan Południowy
30%
Wyspa Man
30%
Dżibuti
29%
Gwinea Bissau
29%
Kuwejt
29%
Makau
29%
To nie Norwegia Svalbard i Jan Mayen
29%
Wyspy Kokosowe
29%
Timor Wschodni
28%
Benin
27%
Gujana
27%
Malawi
27%
Tuvalu
27%
Aruba
26%
Boliwia
26%
Saint Vincent i Grenadyny
26%
Zimbabwe
26%
Jersey
25%
Saint Lucia
25%
Wyspy Salomona
25%
Anguilla
23%
Curaçao
23%
Gwadelupa
23%
Sahara Zachodnia
23%
Wyspy Alandzkie
23%
Wyspy Cooka
23%
Falklandy
22%
Brytyjskie Wyspy Dziewicze
21%
Gujana Francuska
21%
Kongo
21%
Palestyna
21%
Samoa Amerykańskie
21%
Saint Kitts i Nevis
20%
Wyspy Dziewicze Stanów Zjednoczonych
19%
Holandia Karaibska
18%
Saint Pierre i Miquelon
18%
Wyspa Norfolk
18%
Kajmany
17%
Wake
17%
Wyspa Bożego Narodzenia
17%
Majotta
16%
Tokelau
15%
Wallis i Futuna
15%
Midway
14%
Pitcairn
14%
Turks i Caicos
14%
To nie Norwegia Wyspa Bouveta
14%
Francuskie Terytoria Południowe i Antarktyczne
13%
Guernsey
13%
Nowa Kaledonia
13%
Saint-Barthélemy
13%
Sint Maarten
13%
Bermudy
12%
Mariany Północne
11%
Montserrat
11%
Niue
10%
Wyspa Wniebowstąpienia
10%
To nie Australia Wyspy Heard i McDonalda
9%
Georgia Południowa i Sandwich Południowy
8%
Polinezja Francuska
8%
Reunion
8%
Martynika
7%
Wyspa Clippertona
7%
Brytyjskie Terytorium Oceanu Indyjskiego
6%
To nie USA Dalekie Wyspy Mniejsze Stanów Zjednoczonych
6%
Johnston
6%
Saba
6%
To nie Francja Saint Martin
6%
Wyspa Świętej Heleny
6%
Akrotiri
3%
Dhekelia
3%
Howland, Jarvis i Baker
3%
Kingman
3%
Navassa
3%
Palmyra
3%
Sint Eustatius
3%
Brytyjskie Terytorium Antarktyczne
0%
Tristan da Cunha
0%
Nie znaleziono quizów pasujących do podanych kryteriów
Rozkład punktacji
Procent ludzi z każdym wynikiem
Percentyl według liczby udzielonych odpowiedzi
Twoja historia wyników
Nie rozwiązałeś tego quizu